| 000 | 01732nam a2200517 i 4500 | ||
|---|---|---|---|
| 001 | 34590 | ||
| 003 | KOSZ 005 | ||
| 005 | 20210428114333.0 | ||
| 008 | 000520s1999 pl a f f |000 0 pol | ||
| 015 | _aUWD 2000/11974 | ||
| 020 | _a8371990847 | ||
| 035 | _a991013954289705066 | ||
| 035 | _a(PL-WaBN)b1375273x-48omnis_nlop | ||
| 035 | _ab1375273x | ||
| 035 | _a(OCoLC)749364797 | ||
| 035 | _azz2004905090 | ||
| 035 | _a(PL)b0000001375273 | ||
| 035 | _a(EXLNZ-48OMNIS_NETWORK)9910122395605606 | ||
| 040 |
_aWA N _cWA N _dKOSZ 005/HR |
||
| 041 | 0 | _apol | |
| 046 | _k1999 | ||
| 080 | _a744 | ||
| 080 | _a(075.8) | ||
| 100 | 1 |
_aBieniek, Zbigniew _eAutor |
|
| 245 | 1 | 0 |
_aGraficzny zapis konstrukcji / _cZbigniew Bieniek, Bogusław Januszewski. |
| 260 |
_aRzeszów : _bOficyna Wydawnicza Politechniki Rzeszowskiej, _c1999. |
||
| 300 |
_a214, [1] s. : _bil. ; _c24 cm. |
||
| 336 |
_aTekst _btxt _2rdacontent |
||
| 337 |
_aBez urządzenia pośredniczącego _bn _2rdamedia |
||
| 338 |
_aWolumin _bnc _2rdacarrier |
||
| 380 | _aKsiążki | ||
| 380 | _aPublikacje dydaktyczne | ||
| 385 |
_mPoziom nauczania _aSzkoły wyższe |
||
| 388 | _a1901-2000 | ||
| 388 | _a1989-2000 | ||
| 504 | _aBibliogr., wybór norm. | ||
| 521 | 8 | _aSkrypt uczelniany dla studentów Wydz. Elektrycznego. | |
| 655 | 7 |
_aPodręczniki akademickie _2DBN |
|
| 655 | 7 |
_aRysunek techniczny _2DBN |
|
| 658 | _aInżynieria i technika | ||
| 700 | 1 |
_aJanuszewski, Bogusław _eAutor |
|
| 710 | 2 |
_aOficyna Wydawnicza Politechniki Rzeszowskiej _4pbl |
|
| 856 |
_uhttp://koha.tu.koszalin.pl/cgi-bin/koha/opac-detail.pl?biblionumber=34590 _yKatalog online BPK |
||
| 942 |
_2UKD _cKS |
||
| 999 |
_c34590 _d34590 |
||